000 00842nas a2200277 4500
001 BR0003184
003 BR-BrBNA
005 20231205101923.0
007 ta
008 230509b bl.|||p| |||| 00| 00por d
040 _aBR-BrBNA
_bpor
_cBiblioteca Nacional de Agricultura
041 _a(Pt)
072 _aH10
100 1 _aSujii, E.R.
100 1 _aGarcia, M.A.
100 1 _aFontes, E.M.G.
245 1 _aMovimentos de migracao e dispersao de adultos da cigarrinha=das-pastagens
650 _aCigarrinha das Pastagens
650 _aPraga de Planta
650 _aMigracao Animal
650 _aHomoptero
650 _aDinamica Populacional
773 0 _tPesquisa Agropecuaria Brasileira (Brazil)
_xISSN 0100-204X
_g(Mar 2000), v. 35(3) p. 471-480
_wBR0003184
909 _a202311
_bLúcia
_c55
_dLúcia Elande
942 _2AGRIS
_n0
_cANA
999 _c164722
_d164722